000 nam a22 7a 4500
999 _c10081
_d10081
008 180212b ||||| |||| 00| 0 eng d
100 _aAppelgren, T
_96103
245 _aAnokthi`s new friend
260 _aNew Delhi
_bA & A Publication
_c2012